| 000 | 00662nam a2200229 a 4500 | ||
|---|---|---|---|
| 999 |
_c2488 _d2488 |
||
| 001 | 2488 | ||
| 003 | BD-JhCC | ||
| 005 | 20171102204351.0 | ||
| 008 | 171102s2000 bg |||| ||a| 000 0 ben d | ||
| 020 | _a98481601194 | ||
| 035 | _a(BD-JhCC)2488 | ||
| 040 |
_aBD-JhCC _dBD-JhCC |
||
| 041 | _aben | ||
| 082 |
_a891.4409 _bANS 2000 |
||
| 100 | _aআনিসুজ্জামান, | ||
| 245 |
_aনির্বাচিত প্রবন্ধ / _cআনিসুজ্জামান |
||
| 260 |
_aঢাকা : _bঅন্যপ্রকাশ, _c2000. |
||
| 300 |
_a199 p. : _c22 cm. |
||
| 650 | _aSelective Essays | ||
| 942 |
_2ddc _cBK |
||